[Event "Central America Carribean-ch U20"]
[Site "Couva"]
[Date "2019.12.17"]
[Round "7"]
[White "Martin, Mikel"]
[Black "Ramsumair, Daenon"]
[Result "1-0"]
[WhiteElo "1810"]
[BlackElo "1730"]
[PlyCount "33"]
[EventDate "2019.12.13"]
[EventType "swiss"]
[EventRounds "9"]
[EventCountry "TRI"]
[SourceTitle "CBM 193 Extra"]
[Source "ChessBase"]
[SourceDate "2020.01.31"]
[SourceVersion "1"]
[SourceVersionDate "2020.01.31"]
[SourceQuality "1"]

1. d4 Nf6 2. Nf3 c6 3. c4 d5 4. cxd5 cxd5 5. Nc3 Bg4 6. Qb3 Bc8 7. Bg5 e6 8. e4 dxe4 9. Nxe4 Qa5+ 10. Bd2 Qd8 11. Nxf6+ gxf6 12. Bc4 Nc6 13. 0-0 Nxd4 14. Nxd4 Qxd4 15. Be3 Qe5 16. f3 Bd7 17. Bb5 1-0

[Event "Central America Carribean-ch U20"]
[Site "Couva"]
[Date "2019.12.14"]
[Round "3"]
[White "Martin, Mikel"]
[Black "Johnson, Joshua"]
[Result "0-1"]
[WhiteElo "1810"]
[BlackElo "2149"]
[PlyCount "67"]
[EventDate "2019.12.13"]
[EventType "swiss"]
[EventRounds "9"]
[EventCountry "TRI"]
[SourceTitle "CBM 193 Extra"]
[Source "ChessBase"]
[SourceDate "2020.01.31"]
[SourceVersion "1"]
[SourceVersionDate "2020.01.31"]
[SourceQuality "1"]

1. Nf3 Nf6 2. c4 e6 3. g3 b6 4. Bg2 Bb7 5. 0-0 c5 6. b3 Be7 7. Bb2 0-0 8. d3 Nc6 9. Nbd2 d5 10. cxd5 exd5 11. d4 Re8 12. dxc5 Bxc5 13. e3 Rc8 14. Re1 Nb4 15. Bf1 a5 16. a3 Nc6 17. Bb5 d4 18. e4 Re7 19. Bd3 Ng4 20. Nc4 b5 21. Ncd2 Qb6 22. a4 Nb4 23. Qb1 bxa4 24. Rxa4 Nc6 25. Qa2 Bb4 26. Nc4 Qc5 27. Re2 Qh5 28. h4 Rd8 29. Qa1 Nf6 30. Kg2 Rde8 31. Nxd4 Nxd4 32. Bxd4 Nxe4 33. Kg1 Qf3 34. Bxe4 0-1

[Event "Port of Spain op"]
[Site "Port of Spain"]
[Date "2017.09.02"]
[Round "9"]
[White "Martin, Mikel"]
[Black "James, Shemilah"]
[Result "1-0"]
[WhiteElo "1944"]
[BlackElo "1485"]
[PlyCount "113"]
[EventDate "2017.08.27"]
[EventType "swiss"]
[EventRounds "9"]
[EventCountry "TRI"]
[SourceTitle "CBM 180 Extra"]
[Source "ChessBase"]
[SourceDate "2017.10.06"]
[SourceVersion "1"]
[SourceVersionDate "2017.10.06"]
[SourceQuality "1"]

1. d4 d5 2. Nf3 c6 3. c4 Nf6 4. Qc2 e6 5. g3 Bd6 6. Bg2 Nbd7 7. 0-0 0-0 8. b3 Re8 9. Nc3 b6 10. Bb2 Bb7 11. Rad1 Rc8 12. e4 e5 13. dxe5 Nxe5 14. Nxe5 Bxe5 15. exd5 cxd5 16. Qd2 Rc5 17. Ba3 Bxc3 18. Qxc3 Rc7 19. Bb2 Qa8 20. Rd4 dxc4 21. Rg4 Re6 22. Bxb7 Qxb7 23. Rd1 Rc8 24. Rxc4 Rxc4 25. Qxc4 h6 26. Qf4 Qe7 27. Kg2 Qb7+ 28. Qf3 Qxf3+ 29. Kxf3 Kh7 30. Rd4 Kg6 31. Ra4 a5 32. Rd4 Rc6 33. Rd2 Kg5 34. a4 Re6 35. Rd4 Kg6 36. h3 Rc6 37. Rd3 Re6 38. Bc1 Ne4 39. Be3 Ng5+ 40. Kg2 Ne4 41. f4 Rc6 42. Kf3 Nf6 43. g4 Kh7 44. Bd2 Re6 45. Bc3 Rc6 46. f5 Nd5 47. Bd2 Nb4 48. Bxb4 axb4 49. Ke4 g6 50. Rd4 gxf5+ 51. Kxf5 Rc3 52. Rxb4 Rxh3 53. Kf4 h5 54. Rxb6 Rh4 55. Kg5 Rxg4+ 56. Kxh5 Rd4 57. Kg5 1-0

[Event "Port of Spain op"]
[Site "Port of Spain"]
[Date "2017.09.01"]
[Round "8"]
[White "Harper, Ryan"]
[Black "Martin, Mikel"]
[Result "1-0"]
[WhiteElo "2215"]
[BlackElo "1944"]
[PlyCount "41"]
[EventDate "2017.08.27"]
[EventType "swiss"]
[EventRounds "9"]
[EventCountry "TRI"]
[SourceTitle "CBM 180 Extra"]
[Source "ChessBase"]
[SourceDate "2017.10.06"]
[SourceVersion "1"]
[SourceVersionDate "2017.10.06"]
[SourceQuality "1"]

1. e4 e6 2. d4 d5 3. Nc3 Nf6 4. e5 Nfd7 5. f4 c5 6. Nf3 Nc6 7. Be3 Be7 8. Qd2 0-0 9. dxc5 Bxc5 10. 0-0-0 a6 11. h4 b5 12. Rh3 Qa5 13. Kb1 Bb4 14. Rg3 Nc5 15. Bxc5 Bxc5 16. f5 Nxe5 17. Nxe5 Qc7 18. f6 Qxe5 19. Rxg7+ Kh8 20. Qh6 Qf5 21. Bd3 1-0

[Event "Port of Spain op"]
[Site "Port of Spain"]
[Date "2017.08.30"]
[Round "5"]
[White "Martin, Mikel"]
[Black "Smith, Shreyas"]
[Result "0-1"]
[WhiteElo "1944"]
[BlackElo "2168"]
[PlyCount "84"]
[EventDate "2017.08.27"]
[EventType "swiss"]
[EventRounds "9"]
[EventCountry "TRI"]
[SourceTitle "CBM 180 Extra"]
[Source "ChessBase"]
[SourceDate "2017.10.06"]
[SourceVersion "1"]
[SourceVersionDate "2017.10.06"]
[SourceQuality "1"]

1. Nf3 Nf6 2. g3 c5 3. Bg2 Nc6 4. 0-0 d5 5. d4 e6 6. c4 h6 7. Nc3 Be7 8. dxc5 Bxc5 9. cxd5 exd5 10. Bf4 0-0 11. Rc1 Re8 12. Na4 Bf8 13. Be3 Rxe3 14. fxe3 Ng4 15. Qd3 Qa5 16. Nc3 Nxe3 17. Kh1 Nxf1 18. Rxf1 Be6 19. a3 Rd8 20. Nb5 Qb6 21. Nfd4 Bc8 22. b4 Ne5 23. Qe3 Ng4 24. Qf4 Nf6 25. Nc3 Bd6 26. Qh4 Be5 27. e3 a6 28. Na4 Qc7 29. Nc5 Ng4 30. Nf5 Nf6 31. Nd3 Bxf5 32. Rxf5 Re8 33. Bf3 Ba1 34. Bxd5 Qd7 35. e4 Qa4 36. Qf4 Qxa3 37. Qc7 Qxd3 38. Qxf7+ Kh7 39. Kg2 Nxd5 40. Qxe8 Ne3+ 41. Kh3 Nxf5 42. Qe6 Ne3 0-1

[Event "Port of Spain op"]
[Site "Port of Spain"]
[Date "2017.08.27"]
[Round "1"]
[White "Martin, Mikel"]
[Black "Ramtahal, Justin"]
[Result "1-0"]
[WhiteElo "1944"]
[BlackElo "1117"]
[PlyCount "63"]
[EventDate "2017.08.27"]
[EventType "swiss"]
[EventRounds "9"]
[EventCountry "TRI"]
[SourceTitle "CBM 180 Extra"]
[Source "ChessBase"]
[SourceDate "2017.10.06"]
[SourceVersion "1"]
[SourceVersionDate "2017.10.06"]
[SourceQuality "1"]

1. d4 Nc6 2. d5 Ne5 3. e4 d6 4. f4 Bg4 5. Be2 Qd7 6. fxe5 dxe5 7. Bxg4 Qd6 8. Nc3 Nf6 9. Be2 g6 10. Nf3 Bg7 11. Bb5+ Kd8 12. Be3 a6 13. Be2 h6 14. Qd3 e6 15. dxe6 fxe6 16. Nxe5 Qxd3 17. Bxd3 Rf8 18. 0-0-0 c6 19. Bb6+ Ke7 20. Bc5+ Ke8 21. Bxf8 Bxf8 22. Rhf1 Bd6 23. Rxf6 Bxe5 24. Rxe6+ Kf7 25. Rxe5 Kg7 26. Rf1 Rc8 27. Re7+ Kg8 28. Bc4+ Kh8 29. Rff7 Kg8 30. Rf6+ Kh8 31. Rxg6 b5 32. Rxh6# 1-0

[Event "Port of Spain op 44th"]
[Site "Port of Spain"]
[Date "2017.06.01"]
[Round "7"]
[White "Cupid, Kevin"]
[Black "Martin, Mikel"]
[Result "1-0"]
[WhiteElo "2147"]
[BlackElo "1938"]
[PlyCount "113"]
[EventDate "2017.04.20"]
[EventType "swiss"]
[EventRounds "7"]
[EventCountry "TRI"]
[SourceTitle "EXT 2018"]
[Source "ChessBase"]
[SourceDate "2017.10.13"]
[SourceVersion "1"]
[SourceVersionDate "2017.10.13"]
[SourceQuality "1"]

1. d4 d5 2. c4 e6 3. Nf3 Nf6 4. cxd5 exd5 5. Nc3 c6 6. Qc2 Be7 7. Bf4 0-0 8. e3 Nbd7 9. Bd3 Re8 10. 0-0 Nf8 11. Ne5 Ng6 12. Nxg6 hxg6 13. Ne2 Bd6 14. a3 a6 15. b4 Ne4 16. Bxd6 Nxd6 17. Ng3 Qf6 18. a4 Bd7 19. Qc5 Nf5 20. Qb6 Nh4 21. Be2 Rab8 22. Qc7 Bf5 23. Rfc1 Qg5 24. Bf1 Be4 25. Nxe4 dxe4 26. Rc5 Qf6 27. Re5 Rbd8 28. Rd1 Kh7 29. Rxe8 Rxe8 30. d5 Rd8 31. d6 Nf5 32. d7 Nh6 33. h3 b5 34. axb5 axb5 35. Rd4 Qe7 36. Qxc6 Nf5 37. Rxe4 Qxd7 38. Qxd7 Rxd7 39. Bxb5 Rd1+ 40. Bf1 Rb1 41. Rf4 f6 42. g3 Ne7 43. Kg2 Kg8 44. b5 Kf8 45. Rd4 Nf5 46. Bd3 Nxd4 47. Bxb1 Nxb5 48. Bd3 Nc3 49. f4 Nd5 50. Kf3 Nb4 51. Be4 Kf7 52. Ke2 Ke6 53. Kd2 f5 54. Bf3 Kf6 55. Kc3 Na2+ 56. Kc4 Nc1 57. h4 1-0

[Event "Port of Spain op 44th"]
[Site "Port of Spain"]
[Date "2017.05.11"]
[Round "4"]
[White "Ali, Ian"]
[Black "Martin, Mikel"]
[Result "0-1"]
[WhiteElo "1791"]
[BlackElo "1938"]
[PlyCount "110"]
[EventDate "2017.04.20"]
[EventType "swiss"]
[EventRounds "7"]
[EventCountry "TRI"]
[SourceTitle "EXT 2018"]
[Source "ChessBase"]
[SourceDate "2017.10.13"]
[SourceVersion "1"]
[SourceVersionDate "2017.10.13"]
[SourceQuality "1"]

1. d4 d5 2. Nf3 Nf6 3. Bf4 c6 4. c3 Bf5 5. e3 e6 6. Bd3 Bxd3 7. Qxd3 Be7 8. Nbd2 0-0 9. 0-0 c5 10. dxc5 Bxc5 11. Bg5 Nc6 12. Qb5 Qb6 13. Qxb6 Bxb6 14. Bxf6 gxf6 15. Rad1 f5 16. b4 Rac8 17. Rc1 Rc7 18. a3 Rfc8 19. c4 Ne7 20. c5 a6 21. Nb3 Ba7 22. g3 Kg7 23. Kg2 Kf6 24. Rfd1 Ng6 25. Kf1 Ne7 26. Ke2 Ng6 27. Kd2 Ne7 28. Ne1 Ng6 29. f4 h5 30. Nf3 Ne7 31. Nbd4 Kg7 32. Ng5 Kf6 33. Ndf3 Ng6 34. h4 Ke7 35. Nd4 Nf8 36. Ngf3 Nd7 37. Ng5 Nf6 38. Ndf3 Ng4 39. Nd4 b6 40. cxb6 Bxb6 41. Rxc7+ Rxc7 42. Ngf3 Nf2 43. Rg1 Ne4+ 44. Ke2 Rc3 45. a4 Rc4 46. a5 Bc7 47. Nd2 Nxd2 48. Kxd2 Kd7 49. Rb1 f6 50. Nc2 e5 51. Rb3 Ke6 52. Rc3 Rxc3 53. Kxc3 Kd6 54. Ne1 Kc6 55. Nd3 Bd6 0-1

[Event "Port of Spain op 44th"]
[Site "Port of Spain"]
[Date "2017.04.27"]
[Round "2"]
[White "Francois, Miguel"]
[Black "Martin, Mikel"]
[Result "0-1"]
[WhiteElo "1748"]
[BlackElo "1938"]
[PlyCount "82"]
[EventDate "2017.04.20"]
[EventType "swiss"]
[EventRounds "7"]
[EventCountry "TRI"]
[SourceTitle "EXT 2018"]
[Source "ChessBase"]
[SourceDate "2017.10.13"]
[SourceVersion "1"]
[SourceVersionDate "2017.10.13"]
[SourceQuality "1"]

1. e4 e6 2. d4 d5 3. exd5 exd5 4. Nf3 Nf6 5. Be2 Bd6 6. Bg5 Bg4 7. Ne5 Bxe2 8. Qxe2 0-0 9. Nd2 c5 10. c3 Nc6 11. 0-0 Re8 12. Ndf3 cxd4 13. cxd4 Nxd4 14. Qd2 Nxf3+ 15. Nxf3 Ne4 16. Qc1 Nxg5 17. Nxg5 Qf6 18. Nf3 Bf4 19. Qc2 Rac8 20. Qb3 b6 21. Qxd5 Qxb2 22. Qf5 Bh6 23. Qd7 Red8 24. Qxa7 Bc1 25. Ne5 Rf8 26. Nd7 Qxa1 27. Nxf8 Kxf8 28. Qxb6 Qxa2 29. Qb7 Qc4 30. g3 g6 31. Re1 Bg5 32. Re4 Qc1+ 33. Kg2 Kg7 34. h4 Bf6 35. Kh2 Rc2 36. Rf4 Qe1 37. Qf3 Qe5 38. Kg2 Rc3 39. Qg4 Qd5+ 40. Kh2 Rc1 41. Rf3 Qd1 0-1

[Event "Port of Spain op 44th"]
[Site "Port of Spain"]
[Date "2017.04.20"]
[Round "1"]
[White "Martin, Mikel"]
[Black "Primus, Prince"]
[Result "1-0"]
[WhiteElo "1938"]
[BlackElo "1584"]
[PlyCount "55"]
[EventDate "2017.04.20"]
[EventType "swiss"]
[EventRounds "7"]
[EventCountry "TRI"]
[SourceTitle "EXT 2018"]
[Source "ChessBase"]
[SourceDate "2017.10.13"]
[SourceVersion "1"]
[SourceVersionDate "2017.10.13"]
[SourceQuality "1"]

1. d4 d5 2. Nf3 Nf6 3. c4 Bf5 4. Nc3 e6 5. Qb3 b6 6. Bg5 Be7 7. Bxf6 Bxf6 8. cxd5 0-0 9. e3 c6 10. dxe6 Bxe6 11. Qc2 Nd7 12. Be2 g6 13. Ne4 Rc8 14. Nxf6+ Qxf6 15. Ba6 Rc7 16. 0-0 c5 17. Qe4 Nb8 18. Bb5 Bf5 19. Qf4 Re7 20. Bd3 cxd4 21. Nxd4 Qe5 22. Nxf5 gxf5 23. Qxf5 Qg7 24. Rac1 Re5 25. Qh3 Re6 26. Rc4 Rfe8 27. Rg4 Rg6 28. Bxg6 1-0

[Event "De Verteuil Memorial 24th"]
[Site "Port of Spain"]
[Date "2016.11.17"]
[Round "7"]
[White "Knight, Colin"]
[Black "Martin, Mikel"]
[Result "0-1"]
[WhiteElo "1902"]
[BlackElo "1878"]
[PlyCount "96"]
[EventDate "2016.10.06"]
[EventType "swiss"]
[EventRounds "7"]
[EventCountry "TRI"]
[SourceTitle "EXT 2018"]
[Source "ChessBase"]
[SourceDate "2017.10.13"]
[SourceVersion "1"]
[SourceVersionDate "2017.10.13"]
[SourceQuality "1"]

1. d4 d5 2. Bf4 Nf6 3. e3 Bf5 4. c4 c6 5. Nc3 e6 6. Qb3 Qb6 7. c5 Qxb3 8. axb3 Nbd7 9. h3 Be7 10. Nf3 0-0 11. b4 Ne4 12. Nxe4 Bxe4 13. Nd2 Bc2 14. Nf3 Bf6 15. b5 Nb8 16. Ne5 Rc8 17. Be2 cxb5 18. Bxb5 Bxe5 19. Bxe5 Nc6 20. Bg3 f6 21. Kd2 Bg6 22. Rhc1 Be8 23. Ba4 a6 24. Rc3 Na7 25. Bb3 Kf7 26. f3 Bc6 27. Rcc1 Rd8 28. Re1 Rd7 29. Bc2 Rad8 30. Re2 Bb5 31. Bd3 Bxd3 32. Kxd3 Nb5 33. c6 bxc6 34. Rxa6 Na7 35. Re1 Rb7 36. Rea1 Rdd7 37. Kc2 h5 38. Be1 e5 39. dxe5 fxe5 40. Bc3 d4 41. exd4 exd4 42. Bd2 c5 43. R1a5 Nb5 44. Rc6 Rd5 45. Ra8 d3+ 46. Kb1 Nd4 47. Rcc8 Nb3 48. Bc3 d2 0-1

[Event "De Verteuil Memorial 24th"]
[Site "Port of Spain"]
[Date "2016.11.03"]
[Round "5"]
[White "Ramoutar, Alan Safar"]
[Black "Martin, Mikel"]
[Result "1-0"]
[WhiteElo "1809"]
[BlackElo "1878"]
[PlyCount "77"]
[EventDate "2016.10.06"]
[EventType "swiss"]
[EventRounds "7"]
[EventCountry "TRI"]
[SourceTitle "EXT 2018"]
[Source "ChessBase"]
[SourceDate "2017.10.13"]
[SourceVersion "1"]
[SourceVersionDate "2017.10.13"]
[SourceQuality "1"]

1. e4 e6 2. d4 d5 3. Nd2 c5 4. exd5 Qxd5 5. Ngf3 cxd4 6. Bc4 Qd6 7. 0-0 Nf6 8. Nb3 Nc6 9. Nfxd4 Nxd4 10. Nxd4 Be7 11. c3 0-0 12. Qf3 Qb6 13. Be3 Qxb2 14. Nb5 Bd7 15. Rab1 Qc2 16. Nxa7 Qxc3 17. Rfc1 Qa5 18. Qxb7 Rab8 19. Qxb8 Rxb8 20. Rxb8+ Bf8 21. Nb5 Bc6 22. Rd1 Nd7 23. Rxd7 Bxd7 24. Bc5 h6 25. Rxf8+ Kh7 26. Bd3+ f5 27. Rb8 Qxa2 28. Nd4 e5 29. Nxf5 Qa1+ 30. Rb1 Qa5 31. Ne7+ Kh8 32. Ng6+ Kg8 33. Rb8+ Kf7 34. Nxe5+ Ke6 35. Nxd7 Kxd7 36. Bb5+ Ke6 37. Bc4+ Kf6 38. Bd4+ Kf5 39. Rb5+ 1-0

[Event "Port of Spain op"]
[Site "Port of Spain"]
[Date "2016.08.01"]
[Round "6"]
[White "Bowles, Andrew"]
[Black "Martin, Mikel"]
[Result "1/2-1/2"]
[WhiteElo "1812"]
[BlackElo "1867"]
[PlyCount "88"]
[EventDate "2016.07.29"]
[EventType "swiss"]
[EventRounds "9"]
[EventCountry "TRI"]
[SourceTitle "EXT 2023"]
[Source "ChessBase"]
[SourceDate "2022.10.05"]
[SourceVersion "1"]
[SourceVersionDate "2022.10.05"]
[SourceQuality "1"]

1. e4 e6 2. d4 d5 3. Nd2 c5 4. Ngf3 cxd4 5. Nxd4 Nc6 6. Bb5 Bd7 7. Bxc6 bxc6 8. c3 Bd6 9. Qe2 Ne7 10. exd5 cxd5 11. N2f3 h6 12. Ne5 0-0 13. 0-0 Rc8 14. Bf4 Bc5 15. Nef3 Nc6 16. Nxc6 Bxc6 17. Ne5 Qb6 18. Nxc6 Rxc6 19. Rfe1 f6 20. b4 Be7 21. b5 Rxc3 22. Qxe6+ Qxe6 23. Rxe6 Kf7 24. Rae1 Bc5 25. Bd6 Rd8 26. Re7+ Kg6 27. Bxc5 Rxc5 28. Rxa7 Rxb5 29. h4 d4 30. Re2 Rb1+ 31. Kh2 Rd1 32. Ra3 Kf5 33. Rf3+ Kg6 34. Re7 Ra1 35. h5+ Kh7 36. Rxf6 Rxa2 37. Rff7 Rg8 38. Rd7 Ra5 39. g4 Ra4 40. Rf4 Re8 41. Rdxd4 Ra7 42. Kg3 Kg8 43. Kg2 Rc7 44. Rd3 Rce7 1/2-1/2

[Event "Port of Spain op"]
[Site "Port of Spain"]
[Date "2016.07.30"]
[Round "3"]
[White "Martin, Mikel"]
[Black "Chirinos Cabrera, Cleren Jesus"]
[Result "1-0"]
[WhiteElo "1867"]
[BlackElo "2012"]
[PlyCount "93"]
[EventDate "2016.07.29"]
[EventType "swiss"]
[EventRounds "9"]
[EventCountry "TRI"]
[SourceTitle "EXT 2017"]
[Source "ChessBase"]
[SourceDate "2016.10.25"]
[SourceVersion "1"]
[SourceVersionDate "2016.10.25"]
[SourceQuality "1"]

1. d4 Nf6 2. Nf3 b6 3. g3 Bb7 4. Bg2 e6 5. 0-0 Be7 6. c4 0-0 7. Nc3 d6 8. Qc2 Nbd7 9. Rd1 Qc8 10. b3 e5 11. e4 Re8 12. Bb2 Bf8 13. Re1 c5 14. dxe5 dxe5 15. Rad1 Nb8 16. Nd5 Nc6 17. Nxf6+ gxf6 18. Nh4 Nd4 19. Bxd4 cxd4 20. f4 Qc5 21. Rd3 Rad8 22. fxe5 fxe5 23. Rf1 Bc8 24. Qf2 Be6 25. Qf6 Bg7 26. Qg5 Qe7 27. Qh5 h6 28. Nf5 Qg5 29. Qe2 Bf8 30. h4 Qg6 31. Bf3 Kh8 32. Bh5 Qg8 33. Kh2 Rd7 34. g4 Rc8 35. Rg1 f6 36. Rh3 Rcc7 37. g5 Bxf5 38. exf5 Bg7 39. gxf6 Qd8 40. fxg7+ Rxg7 41. Qxe5 Rce7 42. Qf4 Rxg1 43. Kxg1 d3 44. Re3 Rxe3 45. Qxh6+ Kg8 46. Qxe3 d2 47. Qg5+ 1-0

[Event "Port of Spain op"]
[Site "Port of Spain"]
[Date "2016.07.29"]
[Round "1"]
[White "Martin, Mikel"]
[Black "Sealy, Jon Raphael"]
[Result "1-0"]
[WhiteElo "1867"]
[BlackElo "1207"]
[PlyCount "51"]
[EventDate "2016.07.29"]
[EventType "swiss"]
[EventRounds "9"]
[EventCountry "TRI"]
[SourceTitle "EXT 2023"]
[Source "ChessBase"]
[SourceDate "2022.10.05"]
[SourceVersion "1"]
[SourceVersionDate "2022.10.05"]
[SourceQuality "1"]

1. d4 d5 2. c4 Nf6 3. cxd5 Nxd5 4. Nf3 Bf5 5. Nc3 e6 6. Qb3 Nb4 7. e4 Bg4 8. Be3 Bxf3 9. gxf3 a6 10. a3 N4c6 11. 0-0-0 Na5 12. Qa4+ Nbc6 13. d5 b5 14. Nxb5 axb5 15. Bxb5 Nb7 16. Bxc6+ Ke7 17. Qb4+ Nd6 18. Bxa8 Qxa8 19. e5 Qc8 20. Kb1 exd5 21. exd6+ cxd6 22. Rxd5 f6 23. Rc1 Qa8 24. Qxd6+ Kf7 25. Rc7+ Kg6 26. Qg3# 1-0

[Event "De Verteuil Memorial 23rd"]
[Site "Port of Spain"]
[Date "2015.10.29"]
[Round "4"]
[White "Knight, Colin"]
[Black "Martin, Mikel"]
[Result "1/2-1/2"]
[WhiteElo "1906"]
[BlackElo "1625"]
[PlyCount "28"]
[EventDate "2015.10.08"]
[EventType "swiss"]
[EventRounds "7"]
[EventCountry "TRI"]
[SourceTitle "CBM 169 Extra"]
[Source "ChessBase"]
[SourceDate "2015.12.18"]
[SourceVersion "1"]
[SourceVersionDate "2015.12.18"]
[SourceQuality "1"]

1. d4 Nf6 2. Bg5 d5 3. e3 e6 4. Bd3 c5 5. c3 Nc6 6. Nf3 Bd6 7. Nbd2 0-0 8. 0-0 e5 9. dxc5 Bxc5 10. e4 d4 11. cxd4 Bxd4 12. Nxd4 Qxd4 13. Bxf6 Qxd3 14. Bh4 Nd4 1/2-1/2

[Event "De Verteuil Memorial 23rd"]
[Site "Port of Spain"]
[Date "2015.10.15"]
[Round "2"]
[White "Martin, Mikel"]
[Black "Yearwood, Sheldon"]
[Result "1-0"]
[WhiteElo "1625"]
[BlackElo "1128"]
[PlyCount "47"]
[EventDate "2015.10.08"]
[EventType "swiss"]
[EventRounds "7"]
[EventCountry "TRI"]
[SourceTitle "CBM 169 Extra"]
[Source "ChessBase"]
[SourceDate "2015.12.18"]
[SourceVersion "1"]
[SourceVersionDate "2015.12.18"]
[SourceQuality "1"]

1. e4 e5 2. Nf3 Nc6 3. Bc4 Nf6 4. Nc3 h6 5. 0-0 d6 6. d4 Bg4 7. dxe5 Bxf3 8. Qxf3 Nxe5 9. Qe2 Qe7 10. f4 Nxc4 11. Qxc4 0-0-0 12. Be3 c5 13. Rad1 Nd7 14. Nd5 Qe8 15. b4 Nb6 16. Nxb6+ axb6 17. Rd5 b5 18. Qd3 c4 19. Qd4 Qe7 20. Rxb5 Re8 21. Qxc4+ Kd7 22. Rxb7+ Kd8 23. Bb6+ Qc7 24. Qxc7# 1-0

[Event "Caribbean Carnival U20"]
[Site "Port of Spain"]
[Date "2015.08.11"]
[Round "5.5"]
[White "Smith, Shreyas"]
[Black "Martin, Mikel"]
[Result "1-0"]
[WhiteElo "2123"]
[BlackElo "1621"]
[PlyCount "59"]
[EventDate "2015.08.09"]
[EventType "swiss"]
[EventRounds "7"]
[EventCountry "TRI"]
[SourceTitle "EXT 2024"]
[Source "ChessBase"]
[SourceDate "2023.10.10"]
[SourceVersion "1"]
[SourceVersionDate "2023.10.10"]
[SourceQuality "1"]

1. e4 g6 2. d4 Bg7 3. Nc3 d6 4. Be3 Nc6 5. Nge2 e5 6. Qd2 exd4 7. Nxd4 Nf6 8. f3 0-0 9. 0-0-0 Be6 10. Bh6 Nxd4 11. Bxg7 Nb3+ 12. axb3 Kxg7 13. Qd4 h5 14. Be2 Kh7 15. h4 Qe7 16. g4 Rfd8 17. g5 Ng8 18. f4 f5 19. gxf6 Qxf6 20. Qe3 Re8 21. Qg3 Nh6 22. Rdf1 Bg4 23. Nd5 Qg7 24. Bd3 c6 25. Ne3 d5 26. exd5 cxd5 27. Nxg4 Nxg4 28. f5 Rac8 29. fxg6+ Kg8 30. Kb1 1-0

[Event "Caribbean Carnival U20"]
[Site "Port of Spain"]
[Date "2015.08.09"]
[Round "2.6"]
[White "Martin, Mikel"]
[Black "Singh, Mahendra"]
[Result "0-1"]
[WhiteElo "1621"]
[BlackElo "1861"]
[PlyCount "118"]
[EventDate "2015.08.09"]
[EventType "swiss"]
[EventRounds "7"]
[EventCountry "TRI"]
[SourceTitle "EXT 2024"]
[Source "ChessBase"]
[SourceDate "2023.10.10"]
[SourceVersion "1"]
[SourceVersionDate "2023.10.10"]
[SourceQuality "1"]

1. Nf3 Nf6 2. g3 g6 3. Bg2 Bg7 4. 0-0 0-0 5. c4 d6 6. d4 Nc6 7. Nc3 e5 8. e3 Nh5 9. h3 f5 10. Rb1 e4 11. Nd2 Nb4 12. a3 Nd3 13. b4 c5 14. Ne2 Rb8 15. Qb3 Kh8 16. Rd1 Be6 17. dxc5 dxc5 18. Qc2 Qe7 19. b5 b6 20. Nc3 Qf7 21. Na4 Rfd8 22. Rb3 Rd7 23. Nb2 Ne5 24. Rf1 Rbd8 25. a4 Nf6 26. Ra3 Ne8 27. a5 Nd6 28. axb6 axb6 29. Ra4 Ra7 30. Rxa7 Qxa7 31. Rd1 Ndxc4 32. Ndxc4 Rxd1+ 33. Qxd1 Nxc4 34. Qd8+ Bg8 35. Nxc4 Qa1 36. Nxb6 Qxc1+ 37. Bf1 h6 38. Nc8 Kh7 39. Nd6 Bb3 40. b6 Bd1 41. Nc4 Be2 42. Nd2 Ba6 43. Kg2 Bb7 44. Qd7 Ba8 45. Nc4 Qb1 46. Qc8 Bd5 47. Qxc5 Bb7 48. Nd6 Ba8 49. Qc7 Qb2 50. b7 Bxb7 51. Qxb7 Qe5 52. Nb5 h5 53. Qc6 Qe7 54. Nd6 Be5 55. Ne8 Kh6 56. Bc4 h4 57. Bb5 hxg3 58. fxg3 Qa3 59. Qc1 Qxc1 0-1

[Event "Pan American-ch U14"]
[Site "Cali"]
[Date "2015.07.01"]
[Round "5"]
[White "Yupanqui Ayra, Nicoctavio Jesus"]
[Black "Martin, Mikel"]
[Result "1-0"]
[WhiteElo "1481"]
[BlackElo "1726"]
[PlyCount "75"]
[EventDate "2015.06.28"]
[EventType "swiss"]
[EventRounds "9"]
[EventCountry "COL"]
[SourceTitle "EXT 2016"]
[Source "ChessBase"]
[SourceDate "2015.10.08"]
[SourceVersion "1"]
[SourceVersionDate "2015.10.08"]
[SourceQuality "1"]

1. e4 e6 2. d4 d5 3. e5 c5 4. c3 Qb6 5. Nf3 Nc6 6. dxc5 Bxc5 7. Qc2 Qc7 8. Bf4 Nge7 9. Bg3 Bd7 10. Bd3 Ng6 11. Qe2 Be7 12. a4 0-0 13. 0-0 Be8 14. Na3 Qd7 15. Nb5 f6 16. exf6 gxf6 17. Nbd4 e5 18. Bf5 Qd6 19. Nb5 Qd8 20. Rad1 Bf7 21. Nh4 a6 22. Bxg6 hxg6 23. Na3 Bxa3 24. bxa3 Qc8 25. f4 e4 26. f5 g5 27. Ng6 Kg7 28. Nxf8 Qxf8 29. h4 Qc5+ 30. Bf2 Qxc3 31. hxg5 fxg5 32. f6+ Kg6 33. Qg4 Rh8 34. Bg3 Nd4 35. Bf4 Rh5 36. Rf2 Be6 37. Qg3 Qxg3 38. Bxg3 1-0

[Event "Port of Spain Knights op"]
[Site "Port of Spain"]
[Date "2015.05.21"]
[Round "6"]
[White "Martin, Mikel"]
[Black "Solomon, Ian"]
[Result "1-0"]
[WhiteElo "1689"]
[BlackElo "1697"]
[PlyCount "34"]
[EventDate "2015.04.16"]
[EventType "swiss"]
[EventRounds "7"]
[EventCountry "TRI"]
[SourceTitle "EXT 2023"]
[Source "ChessBase"]
[SourceDate "2022.10.05"]
[SourceVersion "1"]
[SourceVersionDate "2022.10.05"]
[SourceQuality "1"]

1. d4 d5 2. c4 e6 3. Nc3 Bb4 4. Nf3 Nc6 5. a3 Bxc3+ 6. bxc3 Nge7 7. Bf4 Ng6 8. Bg3 Qe7 9. e3 0-0 10. Bd3 f5 11. cxd5 exd5 12. Qc2 h5 13. h4 Be6 14. Ng5 Rac8 15. Qe2 Qf6 16. Qxh5 Rfe8 17. Nxe6 Nce7 1-0

[Event "Port of Spain Knights op"]
[Site "Port of Spain"]
[Date "2015.05.07"]
[Round "4"]
[White "Martin, Mikel"]
[Black "Bowles, Andrew"]
[Result "0-1"]
[WhiteElo "1689"]
[BlackElo "1878"]
[PlyCount "70"]
[EventDate "2015.04.16"]
[EventType "swiss"]
[EventRounds "7"]
[EventCountry "TRI"]
[SourceTitle "EXT 2016"]
[Source "ChessBase"]
[SourceDate "2015.10.08"]
[SourceVersion "1"]
[SourceVersionDate "2015.10.08"]
[SourceQuality "1"]

1. d4 Nf6 2. c4 g6 3. Nc3 Bg7 4. e4 d6 5. Nf3 0-0 6. Be2 e5 7. 0-0 Nc6 8. d5 Ne7 9. b4 Ne8 10. c5 f5 11. Nd2 Nf6 12. f3 Nh5 13. g3 Nf6 14. Nc4 h6 15. a4 fxe4 16. fxe4 Bh3 17. Rf2 Qd7 18. Ra2 Rad8 19. Ba3 Nc8 20. Na5 b6 21. Bb5 Qg4 22. Be2 Qd7 23. Bb5 Qg4 24. Be2 Qd7 25. Nc6 Ng4 26. Bxg4 Bxg4 27. Qd3 Rde8 28. Nb5 Bf6 29. cxd6 cxd6 30. Rac2 Bd8 31. Nb8 Qb7 32. Nc6 Rxf2 33. Rxf2 a6 34. Qf1 Bg5 35. Rf7 Qxf7 0-1